| 000 | 01325cab a22002535a 4500 | ||
|---|---|---|---|
| 001 | L146702 | ||
| 008 | 090218e20090214xxka f g 000 0 eng d | ||
| 035 | _a(Sirsi) u146702 | ||
| 041 | 0 | _aeng | |
| 100 | 1 | _aWilson, Christine | |
| 245 | 0 | 2 | _aA house may not be a home |
| 260 | _c2009 | ||
| 490 |
_aEstates Gazette _v(0906) 14 February 2009, 96-97(2) |
||
| 520 | _aThis mainly for students article looks at the status of live-in employees and service occupiers and suggests that one of the most significant steps for employers seeking to establish the rights of said individuals is to determine whether the employee is classed as such (or as a tenant). Investigates methods of recovering possessions from service occupiers and analyses the relevant legislation with a range of practical suggestions. Also looks at the practicalities of tenancies involving employees and the Transfer of Undertaking (Protection of Employees) Regulations 2006. | ||
| 590 | _aKA | ||
| 650 | 2 | 4 | _aHOUSING ACT 1988 |
| 650 | 2 | 4 | _aPROTECTION FROM EVICTION ACT 1977 S5 |
| 650 | 2 | 4 | _aRENT ACT 1977 |
| 650 | 2 | 4 | _aTRANSFER OF UNDERTAKING (PROTECTION OF EMPLOYEES) REGULATIONS 2006 |
| 651 | 4 |
_aEngland and Wales _y1543- |
|
| 690 | _aPROPERTY-COMMERCIAL PROPERTY-COMMERCIAL LANDLORD AND TENANT | ||
| 700 | 1 | _aMcCormack, Grainne | |
| 942 | _n0 | ||
| 999 |
_c81255 _d81255 |
||